| 000 | 00831njm a22002297a 4500 | ||
|---|---|---|---|
| 005 | 20100901115333.0 | ||
| 006 | a|||||r|||||00| 0 | ||
| 007 | sd ammalaaahaa | ||
| 008 | 100901t xxu||||| |||| 00| 0 eng d | ||
| 028 |
_aGE 25808 _bColumbia |
||
| 035 | _aGR-386 | ||
| 040 |
_aSED _cSED |
||
| 100 |
_aBiswas, Himangshu _917891 |
||
| 245 |
_aFrloot : _cby Himanghu Biswas _h[Sound recording] _bdahathi / |
||
| 246 | _aफ्र्लूट / हिमंग्हू बिस्वास | ||
| 260 |
_aDUM DUM, India _bColumbia |
||
| 300 |
_a1 Sound disc [Gramophone Recording] : _banalog, 33 1/3 rpm _c9.5 in. (MP) _fGramophone Record |
||
| 500 | _aBrief record | ||
| 650 |
_aClassical music _xExcerpts _zIndia _917892 |
||
| 942 |
_2ddc _cGR |
||
| 999 |
_c43558 _d43558 |
||